000 00587nam a2200181Ia 4500
003 GCL
008 140319s9999 xx 000 0 ara d
040 _aGCL /
_cGCL
082 0 4 _a371.822
_bج ت
245 1 0 _aتعليم وتدريب المرأة فى ظل عالم متغير
260 _aالقاهرة :
_bجمعية المراة و المجتمع
300 _a ؛
_c24 سم
650 0 4 _aحقوق المرأة
650 0 4 _aتعليم النساء
650 0 4 _aالمرأة - احوال اجتماعية
650 0 4 _aالمرأة - احوال سياسية
942 _2ddc
_cBK
999 _c7051
_d7051